000 00689nam a2200289Ia 4500
005 20260324133000.0
008 008 260324s9999 xx 000 0 eng d
020 _a9780203504949
037 _aEBOOK
040 _aCRL
040 _beng
040 _cCRL
041 _2eng
041 _aeng
084 _qCRL
100 _aHelmut Dubiel; Gabriel Motzkin
_91191358
245 4 _aThe Lesser Evil
245 0 _bMoral Approaches to Genocide Practices
260 _bTaylor and Francis
260 _c2004
365 _a
365 _b240
856 _uhttp://www.taylorfrancis.com/books/9780203504949
942 _cEBOOK
999 _c1789965
_d1789965